Overview of the UK primary care property sector (Record no. 111531)
[ view plain ]
| 000 -LEADER | |
|---|---|
| fixed length control field | 01020cad a22001935a 4500 |
| 001 - CONTROL NUMBER | |
| control field | E151678 |
| 008 - FIXED-LENGTH DATA ELEMENTS--GENERAL INFORMATION | |
| fixed length control field | 101130s2010 xxkad f s 000 0 eng d |
| 035 ## - SYSTEM CONTROL NUMBER | |
| System control number | (Sirsi) u151678 |
| 041 0# - LANGUAGE CODE | |
| Language code of text/sound track or separate title | eng |
| 110 2# - MAIN ENTRY--CORPORATE NAME | |
| Corporate name or jurisdiction name as entry element | GVA Grimley |
| 9 (RLIN) | 3646 |
| 245 00 - TITLE STATEMENT | |
| Title | Overview of the UK primary care property sector |
| Remainder of title | October 2010 |
| Medium | [electronic resource] |
| 260 ## - PUBLICATION, DISTRIBUTION, ETC. | |
| Place of publication, distribution, etc. | London |
| Name of publisher, distributor, etc. | GVA Grimley |
| Date of publication, distribution, etc. | 2010 |
| 520 ## - SUMMARY, ETC. | |
| Summary, etc. | Looks at the NHS estate and evaluates the primary care property sector as an investment class. Discusses private sector investment in the NHS hospital estate in the form of joint venture asset backed opportunities, and highlights aspects of NHS policy and models of ownership in the healthcare sector. |
| 590 ## - LOCAL NOTE (RLIN) | |
| Local note | KA NTK |
| 651 #4 - SUBJECT ADDED ENTRY--GEOGRAPHIC NAME | |
| Geographic name | United Kingdom |
| Chronological subdivision | |
| 690 ## - LOCAL SUBJECT ADDED ENTRY--TOPICAL TERM (OCLC, RLIN) | |
| Topical term or geographic name as entry element | PROPERTY-OTHER PROPERTY TYPES-HEALTHCARE AND WELFARE PROPERTY |
| 856 40 - ELECTRONIC LOCATION AND ACCESS | |
| Uniform Resource Identifier | <a href="https://www.gvagrimley.co.uk/Documents/publications/research/misc/OverviewofUKPrimaryCarePropertySectorAMENDED.pdf">https://www.gvagrimley.co.uk/Documents/publications/research/misc/OverviewofUKPrimaryCarePropertySectorAMENDED.pdf</a> |
| Public note | View this report free of charge at www.gvagrimley.co.uk... |
| 942 ## - ADDED ENTRY ELEMENTS (KOHA) | |
| Suppress in OPAC | 0 |
| Withdrawn status | Lost status | Source of classification or shelving scheme | Damaged status | Not for loan | Home library | Current library | Shelving location | Date acquired | Total Checkouts | Full call number | Barcode | Date last seen | Copy number | Price effective from | Koha item type |
|---|---|---|---|---|---|---|---|---|---|---|---|---|---|---|---|
| Dewey Decimal Classification | Virtual | Virtual | Online | 30/11/2010 | ONLINE PUBLICATION | 151678-1001 | 06/08/2019 | 1 | 06/08/2019 | Book |